| 000 | 00793nam a2200205Ia 4500 | ||
|---|---|---|---|
| 003 | 0 | ||
| 005 | 20250122110116.0 | ||
| 008 | 150126s9999 xx 000 0 und d | ||
| 050 |
_aPHS BF 697.5.S43 _b.N677 2014 |
||
| 100 | _aNieto, Alyanna Marie Naiga | ||
| 245 |
_aHealth consciousness and self-esteem of students of the Southville International School and Colleges and Elizabeth Seton School _cAlyanna Marie Naiga Nieto. |
||
| 260 |
_aLas PiƱas City, Philippines : _bSouthville International School and Colleges, _c2014. |
||
| 300 |
_a43 p. : _bill. ; _c28 cm. |
||
| 504 | _aIncludes bibliographical references. | ||
| 650 | _aSelf-esteem in adolescence. | ||
| 650 | _aHealth promotion. | ||
| 650 | _aHealth behavior. | ||
| 650 | _aPsychological aspects of health. | ||
| 942 |
_2lcc _cPASS |
||
| 999 |
_c278728 _d278728 |
||